| 000 | 00843nam a22002897a 4500 | ||
|---|---|---|---|
| 001 | 8798 | ||
| 003 | FISKH | ||
| 005 | 20251021113558.0 | ||
| 008 | 251021b cb ||||| |||| 00| 0 eng d | ||
| 020 | _a9780194791144 | ||
| 040 |
_aFISKH _beng _cFISKH _dFISKH |
||
| 050 | _aPZ7.T6895 C | ||
| 082 | _a428.6 | ||
| 100 | _aTrease, Geoffrey | ||
| 245 |
_aThe crown of violet / _cBy Geoffery Trease and John Escott |
||
| 260 |
_aOxford : _bOxford University Press ; _c2008. |
||
| 300 |
_a72 pages : _billustrations ; _c20 cm . |
||
| 490 |
_aOxford Bookworms _v3 |
||
| 505 | _aU | ||
| 520 | _aSuitable for younger learners Word count 10,800 | ||
| 521 | 8 |
_a820
_bLexile estimate |
|
| 521 | 8 |
_aU
_bRaz-Plus |
|
| 650 |
_aGreece _vHistorical Fiction |
||
| 700 |
_aCory _eIllustrator |
||
| 942 |
_2ddc _cBK _n0 |
||
| 999 |
_c8798 _d8798 |
||